L'Industria chimica. A cura della R. And S.
Na minha lista:
| Formato: | Livro |
|---|---|
| Idioma: | Undetermined |
| Publicado em: |
Milano
O. Capriolo
1970
|
| Assuntos: | |
| Tags: |
Adicionar Tag
Sem tags, seja o primeiro a adicionar uma tag!
|
| Thư viện lưu trữ: | Trung tâm Học liệu Trường Đại học Cần Thơ |
|---|
| LEADER | 00446nam a2200169Ia 4500 | ||
|---|---|---|---|
| 001 | CTU_84117 | ||
| 008 | 210402s9999 xx 000 0 und d | ||
| 082 | |a 338.4 | ||
| 082 | |b I.42 | ||
| 245 | 0 | |a L'Industria chimica. A cura della R. And S. | |
| 260 | |a Milano | ||
| 260 | |b O. Capriolo | ||
| 260 | |c 1970 | ||
| 650 | |a Chemical industry | ||
| 650 | |z Italy | ||
| 904 | |i QHieu(sửa) | ||
| 980 | |a Trung tâm Học liệu Trường Đại học Cần Thơ | ||